Научно-образовательный потенциал региона (Запись № 10721858)

Подробности
000 -МАРКЕР
контрольное поле 02673nam0a2200421 i 4500
001 - ИДЕНТИФИКАТОР ЗАПИСИ
контрольное поле RU\NLR\BIBL_A\010654901
005 - ИДЕНТИФИКАТОР ВЕРСИИ
контрольное поле 20260406074005.0
010 ## - МЕЖДУНАРОДНЫЙ СТАНДАРТНЫЙ НОМЕР КНИГИ (ISBN)
Номер (ISBN) 9785919120100
Тираж 1000
021 ## - НОМЕР ГОСУДАРСТВЕННОЙ РЕГИСТРАЦИИ
Код страны Российская Федерация
Номер 14-91070
035 ## - ДРУГИЕ СИСТЕМНЫЕ НОМЕРА
Идентификатор записи (NILC)RuMoRGB-007832875
035 ## - ДРУГИЕ СИСТЕМНЫЕ НОМЕРА
Идентификатор записи (NLR Aleph) 010654901
100 ## - ДАННЫЕ ОБЩЕЙ ОБРАБОТКИ
Данные общей обработки 20150129d2014 km y0rusy50 ca
101 0# - ЯЗЫК РЕСУРСА
Язык текста, звукозаписи и т.д. русский
Язык резюме английский
Язык оглавления русский
-- английский
102 ## - СТРАНА ПУБЛИКАЦИИ ИЛИ ПРОИЗВОДСТВА
Страна публикации Российская Федерация
105 ## - ПОЛЕ КОДИРОВАННЫХ ДАННЫХ: ТЕКСТОВЫЕ МАТЕРИАЛЫ, МОНОГРАФИЧЕСКИЕ
Кодированные данные о монографическом текстовом документе a|||z|||000yy
200 1# - ЗАГЛАВИЕ И СВЕДЕНИЯ ОБ ОТВЕТСТВЕННОСТИ
Основное заглавие Научно-образовательный потенциал региона
Параллельное заглавие Scientific-educational potential of a region
Первые сведения об ответственности Ф.С. Файзуллин, М.Т. Шафиков, Т.Ф. Файзуллин, Л.Н. Тимирова
Последующие сведения об ответственности Акад. наук Респ. Башкортостан, ФГБОУ ВПО "Уфим. гос. авиац. техн. ун-т"
Язык параллельного заглавия английский
210 ## - ПУБЛИКАЦИЯ, РАСПРОСТРАНЕНИЕ И ДР.
Место издания, распространения и т.д. Уфа
Имя издателя, распространителя и т. д. Ак Идель Пресс
Дата издания, распространения и т.д. 2014
215 ## - ФИЗИЧЕСКАЯ ХАРАКТЕРИСТИКА
Специфическое обозначение материала и объем 153 с.
Другие сведения о физической характеристике ил.
Размеры 21
300 ## - ОБЩИЕ ПРИМЕЧАНИЯ
Текст примечания Авт. также на англ. яз.: F. Fayzullin, M. Shafikov, T. Fayzullin, L. Timirova
300 ## - ОБЩИЕ ПРИМЕЧАНИЯ
Текст примечания На 4-й с. обл. авт.: Файзуллин Фаниль Саитович, акад. Акад. наук Респ. Башкортостан [и др.], д.филос.н., проф., засл. работник высш. шк. Рос. Федерации, Шафиков Мунир Тагдилович, д.филос.н., Файзуллин Тагир Фанилевич, к.социол.н., Тимирова (Воронова) Лия Наилевна, к.социол.н.
300 ## - ОБЩИЕ ПРИМЕЧАНИЯ
Текст примечания Рез. на англ. яз.
320 ## - ПРИМЕЧАНИЯ О НАЛИЧИИ В ДОКУМЕНТЕ БИБЛИОГРАФИИ / УКАЗАТЕЛЯ
Текст примечания Библиогр.: с. 142-148 (70 назв.)
510 1# - ПАРАЛЛЕЛЬНОЕ ЗАГЛАВИЕ
Параллельное заглавие Scientific-educational potential of a region
Язык заглавия английский
606 ## - НАИМЕНОВАНИЕ ТЕМЫ КАК ПРЕДМЕТ
Наименование темы Высшее образование
Географический подзаголовок Башкортостан, Республика
Системный номер авторитетной/нормативной записи 2184732
Идентификатор авторитетной/нормативной записи RU\NLR\AUTH\661313562
606 1# - НАИМЕНОВАНИЕ ТЕМЫ КАК ПРЕДМЕТ
Наименование темы Наука
Географический подзаголовок Башкортостан, Республика
Системный номер авторитетной/нормативной записи 2102840
Идентификатор авторитетной/нормативной записи RU\NLR\AUTH\661271588
686 1# - ИНДЕКСЫ ДРУГИХ КЛАССИФИКАЦИЙ
Индекс Ч484(2Р-6Баш)
686 1# - ИНДЕКСЫ ДРУГИХ КЛАССИФИКАЦИЙ
Индекс Ч214(2Р-6Б)
701 #1 - ИМЯ ЛИЦА - АЛЬТЕРНАТИВНАЯ ОТВЕТСТВЕННОСТЬ
Материалы, к которым относится поле rus
Графика поля Кириллица
Начальный элемент ввода Файзуллин
Часть имени, кроме начального элемента ввода Ф. С.
Даты 1942-
Расширение инициалов личного имени Фаниль Саитович
Идентификатор авторитетной/нормативной записи RU\NLR\AUTH\7718595
Системный номер авторитетной/нормативной записи 1671
701 #1 - ИМЯ ЛИЦА - АЛЬТЕРНАТИВНАЯ ОТВЕТСТВЕННОСТЬ
Начальный элемент ввода Шафиков
Часть имени, кроме начального элемента ввода М. Т.
Даты 1958-
Расширение инициалов личного имени Мунир Тагдилович
701 #1 - ИМЯ ЛИЦА - АЛЬТЕРНАТИВНАЯ ОТВЕТСТВЕННОСТЬ
Начальный элемент ввода Файзуллин
Часть имени, кроме начального элемента ввода Т. Ф.
Расширение инициалов личного имени Тагир Фанилевич
701 #1 - ИМЯ ЛИЦА - АЛЬТЕРНАТИВНАЯ ОТВЕТСТВЕННОСТЬ
Начальный элемент ввода Тимирова
Часть имени, кроме начального элемента ввода Л. Н.
Дополнения к именам, кроме дат канд. социол. наук
Расширение инициалов личного имени Лия Наилевна
Идентификатор авторитетной/нормативной записи RU\NLR\AUTH\770141731
Системный номер авторитетной/нормативной записи 141695
801 #0 - ИСТОЧНИК ЗАПИСИ
Страна Российская Федерация
Организация РГБ
Дата составления 20141203
Правила каталогизации RCR
801 #1 - ИСТОЧНИК ЗАПИСИ
Страна Российская Федерация
Организация РГБ
Дата составления 20141203
Источник данных rusmarc
942 ## - ДОПОЛНИТЕЛЬНЫЕ ЭЛЕМЕНТЫ ЗАПИСИ (АБИС)
Тип экземпляра АБИС Книга
980 ## - КОЛЛЕКЦИЯ
Название коллекции НБР

Нет доступных экземпляров.